VuFind

Blue belle / Andrew Vachass

Main Author: Vachass, Andrew
Format: MONOGRAPHS
Language: English
Published: London : Pan Books, 1988
Subjects: Fiction.
Tags: Add
No Tags, Be the first to tag this record!
LEADER 00524nam a2200169 a 4500
001 0020904
003 Th-MUT
008 180708s9999 xx 000 0 eng d
020 |a 033308807 
040 |a DLC  |c MUT 
099 |a FIC  |b V32B59 
100 1 |a Vachass, Andrew 
245 1 0 |a Blue belle  |b /  |c Andrew Vachass 
260 |a London :  |b Pan Books,  |c 1988 
300 |a 336 p. :  |c 18 cm. 
650 0 |a Fiction. 
991 |a MONOGRAPHS  |b 9  |c 2018-10-30 15:12:01  |d 2022-04-07 09:52:52  |e mut  |f n  |g null  |h n  |i a  |j m  |k    |l a  |m    |n a  |o    |p b  |q    |r enk  |s eng  |t 1988   |v Blue belle / 

Similar Items

Search Options

Find More

Need Help?